Physical Biochemistry

Saved in:
Bibliografiske detaljer
Hovedforfatter: Holde, Kensal Edward van (Author)
Format: Bog
Sprog:engelsk
Udgivet: Englewood Cliffs Prentice-Hall 1971
Fag:
Tags: Tilføj Tag
Ingen Tags, Vær først til at tagge denne postø!

MARC

LEADER 00000cam a2200000 a 4500
001 UCD8044
003 CL-VaPUC
005 20210527001340.0
008 170422e19710000us |||||||||||||||||eng|d
999 |c 367814  |d 367812 
020 |a 13668857 
020 |a 136658776 
040 |c Pontificia Universidad Católica de Valparaíso 
082 0 4 |a 539 HOL 1971  |2 21 
100 |a Holde, Kensal Edward van  |e author  |9 453986 
245 1 0 |a Physical Biochemistry 
260 |a Englewood Cliffs  |b Prentice-Hall  |c 1971 
300 |a 246 páginas 
583 |a last modification  |c 20170422 00:05:00  |k Rodrigo Vera 
650 0 |a Química  |9 259896 
650 0 |a Física   |9 227844 
942 |c BK  |2 ddc 
945 |d 20170422 00:05:00  |a arojas 
952 |0 0  |1 0  |2 ddc  |3 erb  |4 0  |6 539_000000000000000_HOL_1971  |7 0  |8 A  |9 482917  |a BIBCUR  |b BIBCUR  |i 5388635  |o 539 HOL 1971  |p 5388635  |r 2025-04-22  |t 1  |w 2019-11-24  |y BK  |z Catalogado en:20170422  |k BIO